TV Shows Hit the Road Quiz Stats

 Plays Quiz Updated Jul 5, 2018

Also try: TV Roommates
Challenge
Share
Tweet
Score 0/24 Timer 06:00
3 Plays Today
% Correct
The Fresh Prince of Bel-Air
96.7%
The Simpsons
96.4%
SpongeBob SquarePants
96.4%
Family Guy
96.4%
Friends
95%
The Big Bang Theory
94.2%
South Park
94.2%
Scooby-Doo, Where Are You!
91.7%
Seinfeld
91%
Sesame Street
90.6%
Parks and Recreation
88.5%
Bob's Burgers
86.6%
% Correct
Breaking Bad
83.1%
I Love Lucy
80%
House of Cards
78.4%
King of Queens
74.8%
Scrubs
74.1%
Arrested Development
70.9%
Mad Men
68.2%
Adventure Time
64.5%
How I Met Your Mother
64.1%
Californication
63.4%
The Walking Dead
54.9%
Downton Abbey
50.5%

You're not logged in!

Compare scores with friends on all Sporcle quizzes.
Join for Free
OR
Log In

You Might Also Like...

Show Comments

Extras

Top Quizzes Today


Score Distribution

Your Account Isn't Verified!

In order to create a playlist on Sporcle, you need to verify the email address you used during registration. Go to your Sporcle Settings to finish the process.

Report this User

Report this user for behavior that violates our Community Guidelines.

Details: